000 00385nam a2200157Ia 4500
003 Ost
005 20260225132559.0
008 260225s9999||||xx |||||||||||||| ||und||
040 _cfsic
041 _afre
082 _a302.23
100 _aPAUL ATTAALLAH
_eAuteur
245 0 _aTHéORIES DE LA COMMUNICATION :
245 0 _bSENS , SUJETS,SAVOIRS /
_cPAUL ATTAALLAH
942 _cكتاب
999 _c34669
_d34669